| 000 | 01061nam a22003617a 4500 | ||
|---|---|---|---|
| 001 | 0002675 | ||
| 003 | KOHA_MİRAKIL | ||
| 005 | 20260207001317.0 | ||
| 007 | ta | ||
| 008 | 090304b2006 tu |||gr||||#||||0|tur | | ||
| 020 | _a9755917306 | ||
| 040 |
_aTR-BiSEU _btur _cTR-BiSEU _erda |
||
| 041 | 0 | _atur | |
| 044 | _ctu | ||
| 050 |
_aTP359 _b.O38 2006 |
||
| 100 | 1 | _aÖğüt, Hüseyin. | |
| 245 | 1 |
_aBiyodizel : _büçüncü milenyum yakıtı/ _cHüseyin Öğüt ; Hidayet Oğuz. |
|
| 250 | _a2. bs. | ||
| 264 | 1 |
_aAnkara : _bNobel Yayın Dağıtım _c2006 |
|
| 300 | _a190 sayfa: resimli | ||
| 336 |
_ametin _btxt _2rdacontent |
||
| 337 |
_aaracısız _bn _2rdamedia |
||
| 338 |
_acilt _bnc _2rdacarrier |
||
| 490 | 1 |
_aNobel yayın ; _vno. |
|
| 490 | 1 | _a745. | |
| 490 | 1 |
_aFen ve biyoloji yayınları dizisi ; _v33. |
|
| 500 | _aKaynakça ve dizin var. | ||
| 650 | 0 |
_aBiyodizel yakıtlar. _97240 |
|
| 830 | 1 |
_aNobel yayın ; _vno. _91510 |
|
| 830 | 1 |
_a745. _97241 |
|
| 830 | 1 |
_aFen ve biyoloji yayınları dizisi ; _v33. _97242 |
|
| 942 |
_2lcc _cBK |
||
| 999 |
_c2662 _d2662 |
||